00305nam a2200121Ia 4500008004100000041000800041082001700049100001800066245002200084260004100106300001900147999001700166241015s9999 xx 000 0 und d aeng a658.8342 NEL aAriana Nelson aConsumer Behavior bMurphy & Moore PublishingaUSAc2021 a237;. P. 24 cm c41763d41763